| 000 | 00555nam a22001937a 4500 | ||
|---|---|---|---|
| 003 | BD-ChCU | ||
| 005 | 20260430120603.0 | ||
| 008 | 260430b ny ||||| |||| 00| 0 eng d | ||
| 020 | _a9783540256595 | ||
| 040 | _cBD-ChCU | ||
| 082 |
_223 _a660.6305 A214 |
||
| 245 |
_aAdvances in biochemical engineering biotechnology / _cEdited by W Babel. |
||
| 260 |
_aNew York : _bSpringer, _c2005 |
||
| 300 | _aV.1 | ||
| 504 | _aIncludes. | ||
| 650 | 0 |
_aBiochemical engineering ; Marine biotechnology. _922144 |
|
| 700 |
_aBabel, W. _922145 |
||
| 942 |
_2ddc _cBK _n0 |
||
| 999 |
_c112550 _d112550 |
||